000 00747nam a2200241Ia 4500
003 OSt
005 20220916111046.0
006 a|||||r|||| 00| 0
007 ta
008 220915b |||||||| |||| 00| 0 eng d
024 _a245102
037 _cTextbook
040 _beng
_aARTS
_cARTS
041 _aeng
082 _aV1N46P2,N75, L5
100 _aMinistry of Education and Social Welfare
245 0 _aSixth regional conference of national commissions for co-operation with UNESCO in Asia and Oceania
260 _aNew Delhi
_b Ministry of Education India
300 _a80p.
_ccm.
650 _aHISTORY
942 _hV1N46P2,N75, L5
_cTB
_2CC
999 _c104757
_d104757